Cleveland Cavaliers: Most Dunks Each Year - Statistics

General Stats
  • This quiz has been taken 337 times
    93 since last reset
  • The average score is 18 of 23
Answer Stats
Year Player Dunks % Correct
2003-2004 LeBron James 91
100%
2004-2005 LeBron James 126
100%
2005-2006 LeBron James 114
100%
2006-2007 LeBron James 108
100%
2007-2008 LeBron James 109
100%
2008-2009 LeBron James 128
100%
2015-2016 LeBron James 111
100%
2016-2017 LeBron James 145
100%
2017-2018 LeBron James 120
100%
2009-2010 LeBron James / J.J. Hickson 117
100%
2022-2023 Evan Mobley 215
87%
2020-2021 Jarrett Allen 110
86%
2021-2022 Jarrett Allen 164
86%
2023-2024 Jarrett Allen 170
86%
2011-2012 Tristan Thompson 66
71%
2012-2013 Tristan Thompson 111
71%
2013-2014 Tristan Thompson 100
71%
2014-2015 Tristan Thompson 117
71%
2019-2020 Tristan Thompson 95
71%
2010-2011 J.J. Hickson 99
37%
2018-2019 Larry Nance, Jr. 82
23%
2001-2002 Ricky Davis 79
15%
2002-2003 Ricky Davis 93
15%
No matching quizzes found
Score Distribution
Percent of People with Each Score
Percentile by Number Answered
Your Score History
You have not taken this quiz since the last reset